| 000 | 00463nam a2200169Ia 4500 | ||
|---|---|---|---|
| 008 | 090201s9999 xx 000 0 und d | ||
| 010 | _aKPL-18929 | ||
| 040 | _bइंग्रजी | ||
| 041 | _aइंग्रजी | ||
| 082 |
_a11335 _b18929 |
||
| 100 | _aa. l. barker | ||
| 245 |
_aa source of embarrassment _ca. l. barker |
||
| 260 |
_c2004 _bthe hogarth press |
||
| 300 |
_a208 _bमोठा |
||
| 600 | _aa source of embarrassment | ||
| 942 | _cBOOK | ||
| 999 |
_c211732 _d211732 |
||